| 000 | 00778nas a2200241 4500 | ||
|---|---|---|---|
| 001 | BR5300207 | ||
| 003 | BR-BrBNA | ||
| 005 | 20231205081934.0 | ||
| 007 | ta | ||
| 008 | 230509b bl.|||p| |||| 00| 00por d | ||
| 040 |
_aBR-BrBNA _bpor _cBiblioteca Nacional de Agricultura |
||
| 041 | _a(Pt) | ||
| 072 | _aE10; E15 | ||
| 110 | 1 | _aSecretaria da Agricultura, Industria e Comercio, Porto Alegre, RS (Brasil). Diretoria da Industria e Comercio | |
| 245 | 1 | _aBage em numeros [Rio Grande do Sul, Brasil] | |
| 650 | _aANALISE ECONOMICA | ||
| 650 | _aESTATISTICA DE PRODUCAO | ||
| 650 | _aRIO GRANDE DO SUL | ||
| 650 | _aBAGE | ||
| 773 | 0 |
_tIntercambio (Brazil) _x _g(Jul 1953), v. 1(7) p. 30-31,60 _wBR5300207 |
|
| 909 |
_a202311 _bLúcia _c55 _dLúcia Elande |
||
| 942 |
_2AGRIS _n0 _cANA |
||
| 999 |
_c87976 _d87976 |
||